Recent Trends in Monopoly in Great Britain

Gespeichert in:
Bibliographische Detailangaben
1. Verfasser: Walshe, G.
Format: Buch
Sprache:Englisch
Veröffentlicht: London Cambridge University Press 1974
Ausgabe:1. ed.
Tags: Tag hinzufügen
Keine Tags, Fügen Sie das erste Tag hinzu!

MARC

LEADER 00000nam a2200000 4500
001 c028503
005 20250716114725.8
041 0 |a eng 
044 |a GB 
245 1 0 |a Recent Trends in Monopoly in Great Britain  |c G. Walshe 
250 |a 1. ed. 
264 1 |a London  |b Cambridge University Press  |c 1974 
300 |a 144 s. 
100 1 |a Walshe, G.